[Event "Campo Grande Caissa 2nd"]
[Site "Campo Grande"]
[Date "2016.05.14"]
[Round "7"]
[White "Gralha, Marcelo Ferreira"]
[Black "Fedrizzi, Roberto Senatore"]
[Result "1-0"]
[WhiteElo "2019"]
[BlackElo "1978"]
[PlyCount "117"]
[EventDate "2016.05.12"]
[EventType "tourn"]
[EventRounds "9"]
[EventCountry "BRA"]
[SourceTitle "EXT 2018"]
[Source "ChessBase"]
[SourceDate "2017.10.13"]
[SourceVersion "1"]
[SourceVersionDate "2017.10.13"]
[SourceQuality "1"]

1. e4 c5 2. Nf3 d6 3. d4 Nf6 4. Nc3 cxd4 5. Nxd4 g6 6. Be3 Bg7 7. Be2 a6 8. a4 0-0 9. 0-0 Nbd7 10. a5 Ne5 11. Bf3 Rb8 12. Re1 Ned7 13. Be2 Ne5 14. Nb3 Be6 15. Bb6 Qc8 16. Nd5 Nxd5 17. exd5 Bf5 18. c3 g5 19. Ra4 Ng6 20. Rc4 Qe8 21. Nd4 Bd7 22. Rc7 Ne5 23. Qd2 Bf6 24. b4 Kh8 25. Ba7 Rg8 26. c4 Qd8 27. Bb6 Qf8 28. Nf3 Bc8 29. Nxe5 Bxe5 30. g3 Qg7 31. Qe3 f5 32. Rd1 f4 33. Qe4 Rf8 34. Bd4 Bf5 35. Bxe5 dxe5 36. Qg2 Qg6 37. g4 Bc2 38. Rd2 Qd6 39. Rc5 Bg6 40. Bf3 b6 41. axb6 Rxb6 42. Be4 f3 43. Bxf3 e4 44. Bxe4 Bxe4 45. Qxe4 Rxb4 46. Rc6 Qf4 47. Qxf4 Rxf4 48. c5 Rxg4+ 49. Kf1 Rgd4 50. Re2 Re4 51. Rxe4 Rxe4 52. Rxa6 Kg8 53. Re6 Rd4 54. Re5 h6 55. c6 Kf7 56. Ke2 Kf6 57. Re6+ Kf7 58. c7 Rc4 59. Rc6 1-0